| 000 | 00479nam a22001457a 4500 | ||
|---|---|---|---|
| 999 |
_c535823 _d535823 |
||
| 082 | _a616.075 | ||
| 100 | _aAkhtar, Parveen | ||
| 245 |
_aAssociation of Thyroid Dysfuntion with Type 2 Diabetes / _cParveen Akhtar. |
||
| 260 |
_aIslamabad : _bAMC NUST, _c2015. |
||
| 300 |
_a93 p. : ill. ; _c30cm. |
||
| 942 |
_2ddc _cTHE |
||
| 650 |
_aChemical Pathology - M Phil Theses. _930696 |
||
| 700 |
_aSup Tariq Mahmood Ahmad. _930697 |
||